BIBLIOTHÈQUE DE LA MAISON DU MEXIQUE

Logo 1 Logo 2

El pensamiento de Kierkegaard (notice nᵒ 12358)

détails MARC
000 -Sello discográfico
campo de control de longitud fija 01025nam a2200325 4500
005 - Identificación de versión
campo de control 20250925141650.0
035 ## - Otros números de control del sistema
Número de control del sistema 14795
099 ## - fechas locales
Tipo de ítem Koha LIBRO
100 ## - Datos de procesamiento general
Datos de procesamiento general 19930801d19761958m y1spay5003 ba
101 1# - Idioma del recurso
Idioma del texto, banda sonora, etc. Español; Castellano
Idioma de la obra original Inglés
105 ## - Campo de datos codificados: Material textual, monográfico
Datos codificados de monografía y 001zy
200 1# - Título y mención de responsabilidad
Título propio El pensamiento de Kierkegaard
Designación general del material texto impreso
Primer mención de responsabilidad James Collins
Declaración de responsabilidad subsiguiente traducción Elena Landázuri
205 ## - Declaración de edición
Declaración de edición 2a reimpr de la 1a ed
210 ## - Publicación, distribución, etc.
Lugar de publicación, distribución, etc. México
Nombre del editor, distribuidor, etc. Fondo de Cultura Económica
Fecha de publicación, distribución, etc. 1976
215 ## - Descripción física
Designación de material específico y extensión del ítem 325 p
Dimensiones 17 cm
300 ## - Notas generales
Texto de la nota Incluye notas bibliográficas
345 ## - Nota de información de adquisición
Fuente de adquisición/dirección de la suscripción [OBSOLETO] Donación
410 #1 - Series
Título Breviarios del Fondo de Cultura Económica
Número de volumen 140
454 #1 - Traducción de
Título The Mind of Kierkegaard
600 ## - Nombre personal usado como materia
Elemento de entrada Kierkegaard
Parte del nombre distinta del elemento de entrada Sören Aabye
Fechas 1813-1855
Número Koha 17854
700 ## - Nombre personal - Responsabilidad primaria
Elemento de entrada Collins
Parte del nombre distinta del elemento de entrada James Daniel
Fechas 1917-1985
Número Koha 19035
702 ## - Nombre personal - Responsabilidad secundaria
Elemento de entrada Landázuri
Parte del nombre distinta del elemento de entrada Elena
Número Koha 19036
801 #0 - Fuente de origen
Agencia cm
900 ## -
-- 1/9164
900 ## -
-- 710934824\\010893
942 ## - ELEMENTOS DE ENTRADA SECUNDARIOS (KOHA)
Tipo de ítem Koha Livre
996 ## -
-- MEX
-- 751145101
-- MMAG
-- 004616
-- 082.1 B846 V.140
-- 20210329LIV
Exemplaires
Estatus retirado Estado de daño Estado de pérdida Fecha de adquisición Biblioteca de origen Biblioteca actual Ubicación en estantería Código de barras Precio de reemplazo Signatura topográfica completa No para préstamo Tipo de ítem Koha Nota pública Nota no pública
      05/08/2025 Casa México Paris Casa México Paris   004616 05/08/2025 082.1 B846 V.140   Livre 20210329LIV 751145101